000 02023nam a2200433 c 4500
999 _c71780
_d71780
003 BLK
005 20200310160904.0
008 180408b bul|||||r ||||||| ||bul||
010 _aKNG00076152000
020 _a954-761-191-7
040 _aBLK
041 _aBUL
_cBUL
080 _aЕтика на бизнеса. Успех
_b174.4
_x(02.062)
_z174.4(02.062)
080 _b005.5
_x(02.062)
_z005.5(02.062)
_aМетоди на управление. Мениджмънт. Анализи, планиране, ръководство, сътрудничество, контрол, коопериране и др.
080 _aИкономическа психология. Икономическо поведение. Физиологични и психологични елементи. Интереси. Икономически дух
_b330.16
_x(02.062)
_z330.16(02.062)
100 1 _aКрипендорф, Кайхан
_eпърви автор
_984233
139 _aКрипендорф, Кайхан
_bК 90
245 1 0 _aИзкуството на предимството
_bТридесет и шестте стратегеми за побеждаване на конкуренцията
_cКайхан Крипендорф; прев. Искра Ангелова.
257 _aUSA
260 _bИнфоДар
_c2005
300 _a319 с.
_bс ил., сх.
_c22 см
380 _a0
500 _aОриг. загл. The Art of the Advantage : 36 Strategies to Seize the Competitive Edge / Kaihan Krippendorff. - Офс. изд. - Библиогр. с. 311-319.
504 _a311-319
650 4 _aСтопанска етика
_9261791
650 4 _aУспех
_9174913
650 4 _aУправленски труд
_9244358
650 4 _aИкономическо поведение
_9245306
653 _aстопанска етика
653 _aуспех
653 _aуправленски труд
653 _aикономическо поведение
700 1 _aАнгелова, Искра
_eпрев.
_9371354
852 _aЦб 234701
856 4 _qpdf
856 4 _qpdf
942 _cKNG
_n0
_s1
944 _aCR
_c02.07.2007
_kЛюдмила_Стоянова
944 _aED
_c06.07.2007
999 _d71780
999 _d71780
999 _d71780